[Event "SV Deggendorf 2-SK Neuburg 1"]
[Site "?"]
[Date "2024.12.01"]
[Round "4.6"]
[White "Bielmeier, Ludwig"]
[Black "Vaccaroni, Juan Manuel"]
[Result "1/2-1/2"]
[WhiteElo "1987"]
[BlackElo "1940"]
[Annotator "Stockfish 17"]
[PlyCount "113"]
[EventDate "2024.??.??"]
[WhiteTeam "SV Deggendorf 2"]
[BlackTeam "SK Neuburg 1"]

{[%evp 12,113,-25,-67,-64,-80,-62,-92,-71,-110,-118,-119,-107,-128,-107,-112,
-119,-119,-57,-189,-196,-201,-185,-201,-134,-189,-141,-161,-96,-112,-25,-152,
-49,-148,-31,-125,-32,-34,-6,-34,0,-17,16,7,-6,-47,-25,-24,-11,-36,-12,-14,-13,
-15,-8,-14,9,-2,-9,-29,-7,-17,-3,-59,-60,-66,-53,-61,-10,-12,0,0,0,0,0,0,0,0,0,
0,0,0,0,0,0,0,15,2,3,0,0,0,0,0,8,14,17,13,8,11,26,13,25,16]} 1. Nf3 d5 2. g3
Nf6 3. Bg2 c5 4. O-O Nc6 5. c4 d4 6. d3 e5 (6... Bf5 7. Qb3 (7. b4 $5 {Horn,Pe}
cxb4 8. a3 $14) 7... Qc7 8. e4 Bg4 9. Nh4 e5 $17 {Ubilava,E-Korchnoi,V Leon
1994}) 7. Na3 Be7 (7... Bd6 8. Nc2 O-O 9. Rb1 Re8 10. Nd2 Be6 $17 {Feustel,
B-Chandler,M BL 1980}) 8. Nc2 O-O 9. e4 h6 {Schwarz steht besser.} 10. a3 a5
11. Rb1 a4 $17 12. Bd2 Nh7 13. b4 axb3 $1 14. Rxb3 Ng5 $6 (14... Qc7 $17) 15.
Bxg5 $2 {kommt dem Schwarzen sehr entgegen} (15. Nxg5 $142 $15 hxg5 (15... Bxg5
16. f4 $11) 16. Ne1 $15) 15... hxg5 $19 ({Minderwertig wäre} 15... Bxg5 16.
Nxg5 Qxg5 17. Qe2 $11) 16. Nd2 Qc7 17. Bf3 Bd7 18. Qe2 {- 1.81 ist fernab
reeller Gegenchancen} Ra7 (18... Qc8 $142 $1 19. Rfb1 Na5) 19. Rfb1 Rfa8 $6 (
19... Nb8 $19 20. Qd1 Ba4) 20. Bg4 $17 Nd8 $6 (20... Be8 $17) 21. R3b2 (21.
Bxd7 $11 {war der einzige Weg, das Gleichgewicht zu halten.} Qxd7 22. Rb6)
21... Ra6 (21... Bc6 $17) 22. Kg2 (22. Bxd7 $15 Qxd7 23. Rb5) 22... R8a7 ({
Günstiger ist} 22... Bc6 $17) 23. h3 $6 (23. Bxd7 $15 Qxd7 24. Kg1) 23... g6 (
{Besser ist} 23... Bc6 $17) 24. Bxd7 $15 Qxd7 25. Rb5 $15 (25. Qg4 $5 {[%cal
Rg4d7]} Ne6 26. Rb5 $11) 25... Ra5 26. Nf3 f6 27. Rxa5 Rxa5 28. Qd2 $6 (28. h4
gxh4 29. Nxh4 $11) 28... Qa4 $11 29. Rb6 Kg7 30. Qc1 (30. h4 {scheint wilder
zu sein.} gxh4 31. Nxh4 Ra7 32. Rb5 Qa6 33. Qd1) 30... Ra6 (30... Qd7 {ist
interessant.} 31. Qb2 Ra7 32. Na1 g4 33. hxg4 Qxg4 34. Qc1 Qc8) 31. Rxa6 Qxa6
32. Qb2 {das Spiel ist festgefahren und sollte remis enden} Qa4 33. Nce1 Qc6
34. Kg1 Nf7 35. Qb3 f5 36. Nd2 Nd6 {[%cal Rf5e4]} 37. f3 Bd8 38. Kf2 Ba5 {
ein guter Versuch, das Spiel zu verschärfen} 39. Ke2 Bxd2 (39... Qc8 $17 {
übt Druck aus}) 40. Kxd2 b5 41. cxb5 Nxb5 42. Qa4 Qb6 43. Nc2 Nc3 44. Qd7+ Kf6
45. h4 gxh4 46. gxh4 fxe4 47. fxe4 c4 48. Nb4 cxd3 49. Kxd3 Qe6 50. Qd8+ Kg7
51. Qc7+ Kh6 {[#] Droht ...Df6 und aus.} 52. Qd8 {[%cal Rd8h8]} Qh3+ 53. Kc2 {
[%cal Rd8h8]} Qh2+ 54. Kb3 {[%cal Rd8h8]} Kg7 55. Qe7+ Kh6 56. Qg5+ Kg7 57.
Qe7+ 1/2-1/2

[Event "SV Deggendorf 2-SK Neuburg 1"]
[Site "?"]
[Date "2024.12.01"]
[Round "4.7"]
[White "Liesecke, Christian"]
[Black "Grabmeier, Johannes"]
[Result "1-0"]
[WhiteElo "1926"]
[BlackElo "1877"]
[Annotator "Stockfish 17"]
[PlyCount "117"]
[EventDate "2024.??.??"]
[WhiteTeam "SK Neuburg 1"]
[BlackTeam "SV Deggendorf 2"]

{[%evp 9,117,36,43,44,57,48,95,93,91,96,84,85,97,56,172,92,136,67,79,85,146,68,
124,78,66,67,88,46,54,58,105,-46,-36,-44,-42,-441,-455,-457,126,52,63,65,237,
233,245,198,426,149,152,93,259,242,247,230,305,313,290,253,256,246,318,221,323,
324,325,324,308,286,360,342,509,507,515,510,528,529,535,487,505,495,561,482,
575,516,571,567,606,601,593,539,534,523,515,478,608,580,692,688,677,677,1057,
1022,1031,1005,951,947,949,905,1025,1015]} 1. d4 c5 2. d5 d6 3. c4 g6 4. e4 Bg7
5. Qc2 (5. Nc3 Nf6 6. Nf3 O-O 7. Be2 e6 {kann anhand vieler Partien studiert
werden} 8. Bg5 exd5 9. cxd5 h6 10. Bf4 b5 11. Nd2 a6 12. O-O Re8 {Gligoric,
S-Malich,B Munich olm 1958}) 5... f5 6. exf5 Bxf5 7. Bd3 Bxd3 $6 (7... Qd7 $142
) 8. Qxd3 {Weiß steht besser.} Nf6 9. Nf3 Na6 10. O-O O-O 11. Re1 {[#]} Ng4 $2
(11... b5 $14) 12. Qe4 (12. h3 $18 Ne5 13. Nxe5 Bxe5 14. Nc3) (12. Nc3 $1 Nc7
13. h3 Ne5 14. Nxe5 Bxe5 15. Bh6 $16 {+ 1.70 ein bedeutender Vorteil}) 12...
Ne5 13. Ng5 ({Besser ist} 13. Nxe5 $16 {Und Sf3 würde nun gewinnen.} Bxe5 14.
Nd2) 13... Nc7 $1 $14 14. Nc3 h6 $6 (14... Qd7 $142) 15. Nh3 (15. Ne6 $1 $16 {
[%cal Re6d8]} Nxe6 16. dxe6) 15... g5 16. f4 gxf4 17. Nxf4 $14 Qd7 18. Ng6 Nxg6
19. Qxg6 $40 {[%mdl 128]} Rf6 20. Qg3 (20. Qh5 $1 $16) 20... Qf5 $1 $15 {
und Schwarz kann zufrieden sein} 21. Bd2 Raf8 {Droht ...Tg6 und aus.} 22. h3 $2
{[%mdl 8192] ein Fehler, der sofort verliert!} (22. Qh4 e6 23. dxe6 Nxe6 24.
Nd5 Qf2+ $17) 22... Rg6 $19 23. Qh4 e5 $2 {vergibt nicht nur den großen
Vorteil} (23... Qf3 $142 $19 {[%csl Gg6][%cal Rf3g2]} 24. Re2 Bxc3 {und
Schwarz bleibt auf Gewinnkurs}) 24. Ne4 (24. Rf1 $16 Qd3 25. Qe4 $1) 24... Bf6
$14 25. Nxf6+ ({Bitte nicht} 25. Qf2 Qxh3 26. Qe2 Ne8 $15) 25... Rgxf6 $2 (
25... Qxf6 $142 $14 26. Qxf6 Rgxf6) 26. Bxh6 $18 R8f7 27. Qg5+ Rg6 $2 {[#]} (
27... Kh7) 28. Qxf5 $2 (28. Qd8+ $1 $18 {und der Rest ist Schweigen.} Kh7 {[#]}
29. Rf1 $1 {gewinnt schnell}) 28... Rxf5 $16 29. Be3 Rg3 $2 (29... b5 $16 30.
b3 Rh5 $14 {ist noch lange nicht verloren}) 30. Kh2 $18 {Weiß läßt nichts
mehr anbrennen} Rg7 31. Rf1 Rgf7 32. Rxf5 Rxf5 {[%mdl 4096] Endspiel KTL-KTS}
33. Re1 b5 34. b3 {[%cal Bb2b3,Bb3c4][%mdl 32]} a6 35. Kg1 (35. g4 $1 $18)
35... Ne8 (35... Na8 $142 36. b4 bxc4) 36. Rf1 Rh5 37. Kh2 bxc4 38. bxc4 Rh4
39. g4 $18 Kg7 (39... Rh7 $142 40. Rb1 Rf7) 40. Kg3 {Weiß steht klar auf
Gewinn.} Rh8 41. Bg5 Rg8 42. h4 Kg6 43. Rb1 Rg7 44. Rb8 Nc7 45. Rb7 Rd7 46. Ra7
e4 47. Rb7 Rf7 48. Bf4 Rd7 49. Rb6 Ne8 50. Rxa6 Kf7 51. a4 {[%cal Ba2a4,Ba4a5,
Ba5a6][%mdl 32]} Ke7 52. a5 Rb7 53. Rb6 Ra7 54. a6 {zielt auf Tb7+ ab.} Kd7 55.
Rb7+ Rxb7 56. axb7 Kc7 57. g5 {Droht stark h5.} Kxb7 58. h5 Kc7 59. h6 1-0

[Event "SV Deggendorf 2-SK Neuburg 1"]
[Site "?"]
[Date "2024.12.01"]
[Round "4.8"]
[White "Bauer, Bernd"]
[Black "Tuerkboylari, Bahadir"]
[Result "1/2-1/2"]
[WhiteElo "1903"]
[BlackElo "1699"]
[Annotator "Stockfish 17"]
[PlyCount "42"]
[EventDate "2024.??.??"]
[WhiteTeam "SV Deggendorf 2"]
[BlackTeam "SK Neuburg 1"]

{[%evp 19,42,58,120,127,127,130,145,137,204,222,219,207,243,138,248,0,0,0,0,0,
0,0,0,0,57]} 1. e4 c5 2. Nf3 d6 3. d4 cxd4 4. Nxd4 Nf6 5. Nc3 a6 6. Bg5 e6 7.
f4 Be7 8. Qf3 {ein vielgespielter Aufbau aus früheren Zeiten} Nc6 (8... Qc7 9.
O-O-O Nbd7 10. Be2 h6 11. Bh4 b5 12. e5 Bb7 13. exf6 Bxf3 14. Bxf3 d5 15. Nxe6
fxe6 16. Bh5+ g6 17. Bxg6+ Kf8 18. fxe7+ Kg7 19. Bg3 Nf6 20. Rhe1 {Tal,M 
(gegen seinen langjährigen Trainer) -Koblenc,A 1-0 (32) Riga 1961}) 9. Nxc6 (
9. O-O-O Nxd4 10. Rxd4 Qb6 $14) 9... bxc6 10. O-O-O Qc7 $6 (10... d5 $142 $1
$14) 11. e5 $1 $16 dxe5 12. fxe5 Nd5 13. Bxe7 {Weiß steht deutlich besser.}
Qxe7 (13... Nxe7 $16 {ist eine bessere Verteidigung.} 14. Rd6 Qa5) 14. Ne4 $1
$18 ({Lieber nicht} 14. Nxd5 cxd5 15. Kb1 O-O $11) 14... O-O 15. Bd3 Bd7 16.
Qh5 (16. Qg3 $1) 16... h6 (16... f5 $16) 17. g4 $2 {[#]} ({Lieber} 17. c4 $18)
17... Nf4 $11 {Die Stellung ist ausgeglichen.} 18. Nf6+ Qxf6 $1 19. exf6 Nxh5
20. gxh5 {[#] Und Thg1 würde nun gewinnen.} gxf6 21. Rhf1 Rfd8 1/2-1/2

[Event "SK Bruckmuehl 1-SV Deggendorf 2"]
[Site "?"]
[Date "2025.01.12"]
[Round "5.1"]
[White "Krstic, Petar"]
[Black "Uebele, Peter"]
[Result "1-0"]
[WhiteElo "2281"]
[BlackElo "2086"]
[Annotator "Stockfish 17"]
[PlyCount "47"]
[EventDate "2025.??.??"]
[WhiteTeam "SV Deggendorf 2"]
[BlackTeam "SK Bruckmühl 1"]

{[%evp 9,47,3,4,6,7,6,5,-3,1,0,46,39,36,44,79,35,57,12,16,18,15,23,92,84,154,
140,241,248,266,124,269,259,258,180,324,323,618,613,666,694]} 1. e4 c6 2. Nf3
d5 3. exd5 cxd5 4. Ne5 (4. d4 Nf6 5. Bd3 Bg4 6. O-O {wäre ein normaler Aufbau}
) 4... Nc6 5. d4 e6 (5... Qc7 6. Bf4 Qb6 7. Nc3 Nf6 8. Nb5 a6 9. Nxc6 axb5 10.
Ne5 {Simlingga 2200 - Bordonada,G 2200 Nice olm 1974}) 6. Bb5 Bd7 7. Nxd7 Qxd7
8. c3 Bd6 9. Nd2 {[%cal Bb1d2,Bd2f3,Bf3g5][%mdl 32]} Nge7 10. O-O a6 11. Bd3 b5
{[%cal Bb7b5,Bb5b4][%mdl 32]} 12. f4 (12. Qg4 O-O 13. Nf3 Nf5 14. h4 $40) 12...
Qc7 13. g3 b4 14. Nf3 g6 15. Qe2 Qb7 (15... h5 $11 {bleibt in der Remisbreite.}
) 16. Bd2 O-O $6 {da rochiert er in den Angriff hinein} ({Besser ist} 16... h5)
17. Ng5 Nf5 {[#]} (17... Na5 $16 {ist wohl besser.}) 18. g4 $1 $18 Ng7 19. Rae1
(19. f5 $18 {ist viel giftiger.}) 19... a5 $2 (19... Ne7 $16 {war angesagt.})
20. Qg2 h6 21. Nf3 f5 $2 (21... h5 {war einen Versuch wert.} 22. f5 $1 hxg4 23.
f6 gxf3 24. Rxf3 bxc3 25. bxc3 Nh5 26. Qg5 Qc7 27. Kh1 Ra7 28. Rg1 $18 {
und Weiß gewinnt}) 22. gxf5 gxf5 $2 (22... Ne7 23. fxe6 Ngf5 24. Ne5 $18) 23.
Rxe6 {[%mdl 64] [#] Doppelangriff} Qd7 24. Rxh6 1-0

[Event "SK Bruckmuehl 1-SV Deggendorf 2"]
[Site "?"]
[Date "2025.01.12"]
[Round "5.2"]
[White "Blaskowski, Johannes"]
[Black "Firlbeck, Hubert"]
[Result "1-0"]
[WhiteElo "2227"]
[BlackElo "2039"]
[Annotator "Stockfish 17"]
[PlyCount "65"]
[EventDate "2025.??.??"]
[WhiteTeam "SK Bruckmühl 1"]
[BlackTeam "SV Deggendorf 2"]

{[%evp 9,65,83,97,61,67,55,47,49,54,49,127,99,111,88,97,39,104,109,102,111,104,
98,99,92,115,84,120,98,146,135,194,197,194,197,303,301,305,259,348,351,351,329,
308,309,317,158,151,149,143,156,228,228,289,288,260,186,437,356]} 1. e4 g6 2.
d4 Bg7 3. f4 c6 $6 (3... d6 4. Nf3 Nf6 5. Nc3 O-O 6. Bd3 {ist ein sehr
bekannter Aufbau}) 4. Nf3 d5 5. e5 {dieser Aufbau ist grundsätzlich etwas
nachteilig für Schwarz} h5 6. c4 Bg4 7. h3 (7. Nc3 Nh6 8. Be3 Nf5 9. Qd2 Bxf3
10. gxf3 Nxe3 11. Qxe3 $15 {Tkatschuk,S-Balzer,L Mainz-ch 1995}) 7... Bxf3 8.
Qxf3 $14 e6 9. Nc3 a6 $6 (9... Ne7 $14 10. Be3 h4 11. Bf2 Nf5 $14) 10. Be3 h4
11. Bf2 Bf8 12. Bd3 (12. c5 $16) 12... Nh6 $6 (12... dxc4 13. Bxc4 Nd7 $11) 13.
O-O $16 Be7 14. c5 a5 15. Na4 Nd7 16. Rfc1 Nf5 17. a3 {[%cal Ba2a3,Ba3b4][%mdl
32]} Ra7 $6 (17... b5 $5 18. cxb6 Nxb6 19. Nc5) 18. b4 axb4 19. axb4 Qa8 $6 {
[#]} 20. Qd1 {+2.10 ist ein gefährlicher Vorteil, den man als Schwarzer
wissentlich nicht eingehen kann} Kf8 21. b5 Qe8 (21... Kg7 $142 22. Rcb1 Rg8)
22. bxc6 $18 bxc6 23. Nb6 {und Schwarz ist in der folge hilflos} Rb7 24. Ra8
Nb8 25. Ba6 (25. Rca1 Kg7 26. R8a7 Rxa7 27. Rxa7 $18) 25... Rc7 26. Rb1 {
zielt auf Sxd5! ab.} Kg7 27. Na4 (27. Bd3 $142 $18 {und Weiss behält klar die
Oberhand.}) 27... Nxa6 $16 28. Rxe8 Rxe8 29. Nb6 $36 {[%mdl 2048] Schwarz
steht unter starkem Druck.} Nb8 {[#]} (29... Rb7 $16 30. Qa4 Nc7 31. Qxc6 Ra7)
30. Qa4 $1 $18 Rh8 31. Qa5 Bd8 32. Qa8 (32. Nxd5 Rd7 33. Nb6 $18 {ging auch})
32... Re7 $2 {[#]} (32... Nd7 {war nötig.} 33. Qa5 Nb8 34. Nxd5 Rb7) 33. Nxd5
$1 {[%mdl 512]} 1-0

[Event "SK Bruckmuehl 1-SV Deggendorf 2"]
[Site "?"]
[Date "2025.01.12"]
[Round "5.3"]
[White "Tauber, Rainer"]
[Black "Wilhelm, Robert"]
[Result "0-1"]
[WhiteElo "1982"]
[BlackElo "2074"]
[Annotator "Stockfish 17"]
[PlyCount "54"]
[EventDate "2025.??.??"]
[WhiteTeam "SV Deggendorf 2"]
[BlackTeam "SK Bruckmühl 1"]

{[%evp 9,53,57,38,42,42,43,48,43,163,159,159,164,193,195,202,195,199,160,179,
170,167,107,86,1,188,188,186,196,260,200,192,190,195,123,149,28,29,-804,-824,
-782,-774,-29997,-29998,-29998,-29999,-29999]} 1. e4 c5 2. c3 e5 3. Nf3 Nc6 4.
Bc4 Nf6 5. Ng5 d5 6. exd5 Nxd5 7. Qh5 {[%csl Gg5][%cal Rh5f7]} (7. d4 cxd4 8.
Nxf7 Kxf7 9. Qf3+ Ke6 10. O-O $6 (10. a4 Be7 11. Qe4 g6 12. O-O $11) 10... Na5
$1 11. Bd3 $2 (11. Bg5 $5 Qd7 12. Nd2 Nxc4 13. Nxc4 Qf7 $17) 11... Qf6 $17 12.
Qe4 $6 {Steinikov-Isaev 0-1 (28) URS 1988}) 7... g6 $1 8. Qf3 {[%csl Gg5][%cal
Rf3f7][%mdl 64] [#] Doppelangriff.} Be6 $2 (8... Qxg5 $142 9. Bxd5 Nd8 $11) 9.
Nxe6 $16 fxe6 10. d3 Bg7 $2 (10... Be7 $8 11. Nd2 Rf8 12. Qe4 Qd6 13. Nf3 {
Okhotnik,V-Kapetanovic,A Romania 1988}) 11. O-O Rf8 12. Qg4 (12. Qh3 $5) 12...
Qe7 $6 (12... Rf5 13. Nd2 Bh6 14. Ne4 $16) 13. Bg5 (13. Bb5 Qd7 14. Nd2 a6 15.
Ba4 {war etwas präziser}) 13... Bf6 14. Bh6 Rg8 15. Nd2 {Droht Se4 und aus.} (
15. Be3 $1 h5 16. Qf3 O-O-O 17. Nd2 {+2.00 kam sehr in Frage}) 15... g5 $1 16.
h4 (16. Bxd5 $16 exd5 17. f4) 16... O-O-O $2 {riskiert viel} (16... Rg6 $1 $11
17. Bxg5 Bxg5 18. hxg5 Rxg5) 17. Bxd5 $1 Rxd5 18. Ne4 {+1.90 Weiß hat großen
Vorteil} Rg6 (18... Nd8 $142 19. Qf3 (19. hxg5 Qf7 $16) 19... Bg7) 19. Bxg5 (
19. hxg5 $1 Bg7 20. Bxg7 Qxg7 21. g3 $18) 19... Bxg5 20. hxg5 ({Viel
schwächer ist} 20. Nxg5 $6 h6 $16) 20... Nd8 {[%cal Bc6d8,Bd8f7,Bf7g5,Bg5h3,
Bh3f4,Bf4e2][%mdl 32]} 21. Qe2 (21. f4 $1 exf4 22. Qxf4 $18) 21... Nf7 $16 22.
b4 (22. g3 $16 Nxg5 23. Kg2) 22... Nxg5 $11 {...Sh3+ ist eine echte Drohung.}
23. Nxc5 $2 {[%mdl 8192]} (23. Ng3 $11) 23... Nh3+ $19 24. Kh2 Nf4 {[%mdl 64] 
[#] ( -> ...Dh4+). Doppelangriff} 25. Qe4 Qh4+ {Schwarz setzt Matt.} 26. Kg1
Rxg2+ {[%mdl 64] Überlastung} 27. Qxg2 Ne2# 0-1

[Event "SK Bruckmuehl 1-SV Deggendorf 2"]
[Site "?"]
[Date "2025.01.12"]
[Round "5.4"]
[White "Caspers, Christian"]
[Black "Doerfler, Guenther"]
[Result "0-1"]
[WhiteElo "1951"]
[BlackElo "1973"]
[Annotator "Stockfish 17"]
[PlyCount "60"]
[EventDate "2025.??.??"]
[WhiteTeam "SK Bruckmühl 1"]
[BlackTeam "SV Deggendorf 2"]

{[%evp 9,60,25,30,29,22,18,51,33,59,24,40,40,41,40,109,35,114,63,61,50,70,89,
91,32,22,-8,10,-77,-32,-133,169,189,254,-54,-69,-72,-61,-65,-67,-311,-245,-420,
-411,-429,-411,-430,-441,-416,-427,-441,-426,-732,-731]} 1. d4 d5 2. c4 c6 3.
cxd5 cxd5 4. Bf4 e6 5. Nc3 Bd6 6. Bxd6 Qxd6 7. e3 a6 8. Bd3 Nc6 9. f4 b5 10.
Nf3 Nge7 11. O-O O-O $2 {[#]} (11... f6 $142 $14) 12. Ne5 (12. Bxh7+ $1 {
[%mdl 512] das Opfer geht, man muß es am Brett allerdings genau berechnen}
Kxh7 13. Ng5+ Kg6 14. Qg4 f5 15. Qg3 Qb4 (15... Qd7 16. Nxe6+ Kf7 17. Qxg7+
Kxe6 18. Qxf8 $18) 16. a3 Qxb2 17. Rfb1 Qc2 18. Ra2 Qd3 19. Rd2 Qc4 20. e4 $3
Bd7 21. e5 Na5 22. Nge4+ Kh7 23. Nc5) 12... f5 $6 (12... Bd7 $14) 13. g4 Bd7
14. Rc1 fxg4 15. Qxg4 Nf5 16. Qe2 (16. Bxf5 Rxf5 17. Ne2 Rff8 18. h4 Rac8 19.
Kh1 $40) 16... Rac8 17. a4 b4 18. Na2 $6 (18. Nxd7 $11 Qxd7 19. Nb1) 18... a5
19. Rc5 $2 ({Günstiger ist} 19. Bxf5 $15 exf5 20. Qa6) 19... Ncxd4 $2 {
[%mdl 8192]} (19... Nxe5 $17 {bleibt auf Kurs.} 20. fxe5 Qb6 21. Rxc8 Rxc8) 20.
exd4 $18 {zielt auf Lxf5 ab.} Nxd4 {[#]} (20... Rxc5 {ist wohl besser.} 21.
dxc5 Qxc5+ 22. Kh1 Bxa4) 21. Bxh7+ {[%mdl 512]} (21. Qh5 $1 Nf5 22. Rxc8 Bxc8
23. Qf3 $18) 21... Kxh7 $15 ({Nicht} 21... Kh8 $2 22. Qh5 $18 (22. Ng6+ Kxh7
23. Qh5+ Kg8 $14)) 22. Qh5+ Kg8 23. Rxc8 Bxc8 24. Kh1 $2 (24. Ng6 Ba6 25. Rf2
Ne2+ 26. Rxe2 Bxe2 27. Qxe2 $11) 24... Rf5 $19 25. Qd1 (25. Qe8+ Qf8 26. Qxf8+
Rxf8 27. Rd1) 25... Nc6 $19 26. Nd3 d4 27. Nac1 Bb7 28. Kg1 Ne7 {Droht ...Dd5
und aus.} 29. Qg4 Nd5 {...Se3 ist eine echte Drohung.} 30. Rf2 (30. Qg2 $142)
30... Ne3 0-1

[Event "SK Bruckmuehl 1-SV Deggendorf 2"]
[Site "?"]
[Date "2025.01.12"]
[Round "5.5"]
[White "Bielmeier, Ludwig"]
[Black "Kieffer, Joachim"]
[Result "1/2-1/2"]
[WhiteElo "2005"]
[BlackElo "1991"]
[Annotator "Stockfish 17"]
[PlyCount "125"]
[EventDate "2025.??.??"]
[WhiteTeam "SV Deggendorf 2"]
[BlackTeam "SK Bruckmühl 1"]

{[%evp 11,125,-10,22,23,18,5,4,-9,-7,-30,-31,-32,-21,-84,-14,-114,-110,-103,
-78,-98,-72,-72,-18,-17,0,0,-5,-28,-27,-26,2,0,-4,-9,106,106,111,109,111,33,64,
61,66,43,36,0,0,1,-9,-28,-27,-276,-98,-123,-107,-106,-116,-147,-135,-242,-268,
-234,-218,-155,-25,-38,-36,-26,0,-8,0,0,0,0,3,4,5,-6,4,5,22,6,7,4,7,4,2,0,0,0,
0,0,27,29,309,301,245,0,0,0,0,0,0,0,0,0,0,0,0,0,9,0,0,0,0,0]} 1. Nf3 d5 2. g3
Nc6 3. c4 d4 4. d3 e5 5. Bg2 Nf6 6. O-O Nd7 7. e3 Be7 8. exd4 exd4 9. Re1 (9.
Na3 Nc5 10. Nc2 a5 11. b3 Bf5 12. Ba3 {Kruppa,Y-Ivanov,S St.Petersburg op 1993}
) 9... O-O 10. a3 (10. Na3 Bf6 11. Nd2 $6 Nde5 12. Be4 $2 Re8 (12... Nb4 $1 13.
Qb3 Na6 14. Qc2 Nc5 {und Schwarz steht viel besser}) 13. Nc2 a5 14. Qe2 Be6 15.
Qf1 Be7 16. h3 {Adamski,J-Gulko,B Rubinstein mem 1977}) 10... a5 11. Nbd2 Nc5
12. Qc2 $6 (12. Nb3 $11) 12... Re8 (12... Bf5 $17 13. Bf1 Qd6 14. Ne4 Bxe4 15.
dxe4 d3 {ist gut für Schwarz}) 13. b3 $6 (13. Ne4 $11 {war nötig}) 13... Bf5
$17 14. Bf1 Qd7 15. Ne5 Nxe5 16. Rxe5 Bd6 $6 (16... b6 $5) 17. Rxe8+ Qxe8 18.
Bb2 Ne6 19. Bg2 c6 20. Nf3 Bc5 21. Re1 Qf8 22. Nh4 g6 $2 (22... Bg4 $11 {
hält das Gleichgewicht.}) 23. Nxf5 $16 gxf5 24. Qc1 (24. Bh3 Ng7 25. Qd1 $16)
24... Qg7 25. Kh1 ({Günstiger ist} 25. Bh3 $16) 25... Qf6 26. Qd1 Bd6 27. Qh5
Qg6 28. Qf3 {Weiss will Lh3 spielen.} (28. Qd1 {ist vielschichtiger.} h5 29.
Bc1 Kf8 30. Bh3 Ng5 31. Bxg5 Qxg5 32. Qf3) 28... Qg4 29. Qxg4+ fxg4 $11 30. Re4
h5 31. Bc1 $2 {[#]} (31. Bxd4 $11 Bxa3 32. Be3) 31... Re8 $2 (31... Nc5 $19 {
ist viel giftiger.} 32. Rxd4 Be5 $19) 32. f3 f5 33. Re1 Kf7 $17 34. fxg4 hxg4
35. Bf1 $2 {[#]} (35. Bd2 $17) 35... Nc5 $1 $19 36. Rxe8 Kxe8 {[%mdl 4096]
Endspiel KLL-KLS} 37. b4 axb4 $2 (37... Nb3 $1 38. Bb2 axb4 39. axb4 Bxb4 $19)
38. axb4 $11 Nb3 39. Ba3 c5 40. b5 Kd7 41. Kg2 b6 42. Be2 Na5 43. Bc1 Nb7 44.
h4 gxh3+ 45. Kxh3 Be7 46. Bf4 Nd8 47. Bf3 Ne6 48. Bc6+ Kd8 49. Be5 Ng5+ 50. Kg2
Nf7 51. Bb8 Bg5 52. Bd5 Kc8 $2 {[%mdl 8192]} 53. Bf4 $18 ({Nicht} 53. Bxf7 Kxb8
54. Kf3 Kc7 $11) (53. Ba7 Ne5 {ging auch} 54. Bxb6 $18) 53... Bxf4 54. Bxf7 $2
{KL-KL} (54. gxf4 $18 Nh6 55. Kg3 Kd7 56. Kh4 Ng4 57. Bf3 Ne3 58. Kg5 Ke6 59.
Bh5 {ist ein Gewinnweg}) 54... Be3 $11 55. Be6+ Kd8 56. Bxf5 Ke7 57. Kf3 Kd6
58. Ke4 Bg5 59. Bc8 Ke7 60. Kf5 Bd2 61. Ke5 Kf7 62. Kd6 Kg7 63. Ke5 1/2-1/2

[Event "SK Bruckmuehl 1-SV Deggendorf 2"]
[Site "?"]
[Date "2025.01.12"]
[Round "5.6"]
[White "Zeindlmeier, Thomas"]
[Black "Grabmeier, Johannes"]
[Result "1-0"]
[WhiteElo "1980"]
[BlackElo "1877"]
[Annotator "Stockfish 17"]
[PlyCount "91"]
[EventDate "2025.??.??"]
[WhiteTeam "SK Bruckmühl 1"]
[BlackTeam "SV Deggendorf 2"]

{[%evp 14,91,72,55,81,83,91,89,138,60,120,120,192,122,162,156,143,139,212,210,
210,201,283,285,285,285,298,295,418,428,473,344,459,465,548,535,546,538,542,
556,564,514,569,575,578,564,579,566,583,576,594,589,587,549,564,545,576,576,
576,575,609,602,645,635,643,632,743,734,744,744,734,731,734,722,721,709,729,
684,29993,29994]} 1. e4 d5 2. exd5 Nf6 3. d4 Bg4 (3... Nxd5 4. c4 Nb6 5. Nf3 g6
{oder 5. ... Bg4 sind bekannte Varianten}) 4. f3 Bf5 5. c4 e6 6. dxe6 Nc6 7.
Be3 Bb4+ 8. Nc3 fxe6 (8... Qe7 9. Bd3 Bxd3 10. Qxd3 O-O-O {Campora,D-Ribeiro,F
Cordoba op 1994}) 9. Nge2 O-O 10. a3 Be7 $16 11. b4 (11. Ng3 $16) (11. g4 Bg6
12. Bg2 e5 (12... Na5 $11) 13. d5 Na5 $13 {Sanchez,J-Benedtto,G cr USA 1995})
11... a6 $6 (11... Qe8 $142) 12. Ng3 Qd7 $2 (12... Bg6 $16) (12... Qe8 $142)
13. Qd2 (13. Nxf5 $1 $18 exf5 14. Be2 Rad8 15. d5 $18) 13... Rad8 $6 {[%cal
Rc6d4]} 14. Rd1 (14. Nxf5 $1 exf5 15. Rd1) 14... Bg6 15. Be2 Nh5 (15... Qe8 $16
) 16. Nxh5 $1 Bxh5 17. Ne4 {+2.20} b6 (17... Qe8 $142 18. O-O Nxd4) 18. O-O $18
Bg6 19. Qc3 Bxe4 20. fxe4 Bf6 (20... e5 $142 21. Rxf8+ Rxf8 22. dxe5 Qe6) 21.
e5 $18 {Schwarz ist verloren} Be7 22. Bf3 (22. d5 exd5 23. cxd5 Na7 24. Bxa6
$18 {gewinnt leicht}) 22... Nb8 23. d5 Kh8 24. d6 {[%mdl 64] [#] Ablenkung}
cxd6 25. Bxb6 Rc8 26. exd6 Bf6 27. Qd3 Nc6 28. Bxc6 Rxc6 29. c5 Ra8 30. Qe2 Kg8
31. Rfe1 Kf7 32. Qh5+ Kg8 33. Re4 g6 34. Qf3 Rf8 35. Qe2 e5 36. Qxa6 Qf5 37.
Qe2 Ra8 38. b5 Rxb6 39. cxb6 Qd7 40. Qc4+ Kh8 41. Qc6 Qd8 42. d7 Rb8 43. b7 Kg7
44. Rc4 {[#] Schwarz muss nun Da6 beachten.} Bg5 45. Qc7 Qf8 46. d8=Q+ {
[%mdl 64] Doppelangriff.} 1-0